LEADER 01057nam0-2200325---450- 001 990008334470403321 005 20100514191945.0 010 $a88-15-11017-8 035 $a000833447 035 $aFED01000833447 035 $a(Aleph)000833447FED01 035 $a000833447 100 $a20060524d2006----km-y0itay50------ba 101 0 $aita 102 $aIT 105 $a--------001yy 200 1 $aGuida ai paesi dell'Europa centrale orientale e balcanica$eannuario politico economico 2006$especiale Società e culture in trasformazione nell'Europa centro-orientale e balcanica$fa cura di Luisa Chiodi e Francesco Privitera 210 $aBologna$cil Mulino$d2007 215 $a374 p.$cill.$d24 cm 702 1$aChiodi,$bLuisa 702 1$aPrivitera,$bFrancesco 801 0$aIT$bUNINA$gRICA$2UNIMARC 901 $aBK 912 $a990008334470403321 952 $aSE119.04.08-$fDECSE 952 $aC 768$b4632$fDSS 959 $aDECSE 959 $aDSS 996 $aGuida ai paesi dell'Europa centrale orientale e balcanica$9507386 997 $aUNINA LEADER 01421nam--2200433---450- 001 990001883630203316 005 20050126145340.0 035 $a000188363 035 $aUSA01000188363 035 $a(ALEPH)000188363USA01 035 $a000188363 100 $a20040728d1978----km-y0itay0103----ba 101 0 $aita 102 $aIT 105 $aa|||||||001yy 200 1 $aConfessioni$fJean Jacques Rousseau$gintr. di Roberto Guiducci$gtrad. e note di Felice Filippini 210 $aMilano$cBiblioteca Universale Rizzoli$d1978 215 $a2 v. (LXVII, 702 p.)$cill.$d18 cm 225 2 $a<> tascabili della BUR$v185 410 0$12001$a<> tascabili della BUR$v185 454 1$12001 461 1$1001-------$12001 676 $a921 700 1$aROUSSEAU,$bJean-Jacques <1712-1778>$0132862 702 1$aGUIDUCCI,$bRoberto 702 1$aFILIPPINI,$bFelice 801 0$aIT$bsalbc$gISBD 912 $a990001883630203316 951 $aVI.4.A. 138/1(Varie Coll. 430/185 1)$b348 L.M.$cVarie Coll. 951 $aVI.4.A. 138/2(Varie Coll. 430/185 2)$b349 L.M.$cVarie coll. 959 $aBK 969 $aUMA 979 $aSIAV2$b10$c20040728$lUSA01$h1519 979 $aCOPAT2$b90$c20050126$lUSA01$h1453 979 $aCOPAT2$b90$c20050126$lUSA01$h1453 979 $aPASSARO$b90$c20140530$lUSA01$h1321 979 $aPASSARO$b90$c20140530$lUSA01$h1323 996 $aConfessions$941962 997 $aUNISA